| 000 | 00901nam a2200265Ia 4500 | ||
|---|---|---|---|
| 003 | OSt | ||
| 005 | 20220923211501.0 | ||
| 006 | a|||||r|||| 00| 0 | ||
| 007 | ta | ||
| 008 | Pun | ||
| 020 |
_a9789352043187 (hbk) _c295 |
||
| 024 | _a320,151 | ||
| 037 |
_b772, 27/02/2017, H.K. Prakashan _cTextual |
||
| 040 |
_aARTS _cARTS _bPun |
||
| 041 |
_2Pun _aPun |
||
| 082 | _aO153,3:g, Q5 | ||
| 100 |
_aਬੈ੍ਵਸ, ਹਰਵੰਤ ਸਿੰਘ _9156274 |
||
| 245 | 0 | _aਪੰਜਾਬੀ ਨਾਵਲ ਦਾ ਲੋਕਧਾਰਾਈ ਅਧਿਐਨ | |
| 260 |
_aਚੰਡੀਗੜ _b ਯੂਨੀਸਟਾਰ _c2015 |
||
| 300 |
_a156ਪ੍ਰ0 _ccm. |
||
| 650 | _a ਪੰਜਾਬੀ ਕਹਾਣੀ | ||
| 650 | _aਸ਼ਚਅਹ਼ਲਜ | ||
| 942 |
_hO153,3:g, Q5 _cTEXL _2CC |
||
| 999 |
_c299999 _d299999 |
||